Datum a čas kvízu
27
Celkem bodů
Celkový počet nahraných bodů na tomto kvízu bez doplňovacích otázek.
12.
Pořadí na kvízu
Konečné umístění týmu na tomto kvízu.
Zaznamenané odpovědi
| # | Otázka | Odpověď | Body | Výsledky |
|---|---|---|---|---|
| 1. | O konfliktu prezidenta Pavla s... | D | 0 | |
| 2. | Parašutista Nicolas Scarabrin... | oko jehly | 0 | |
| 3. | TV Prima minulý týden představ... | Asia Express | 1 | |
| 4. | Tato 40letá žena se jmenuje Le... | Zoo Praha | 0 | |
| 5. | Ve kterém evropském státě nabí... | ve Španělsku | 1 | |
| 6. | Na obrázku níže můžete vidět d... | Drákula a Frankenstein | 1 | |
| 7. | Co by to bylo za hororové téma... | D | 1 | |
| 8. | Ze které (převážně videoherní)... | Resident Evil | 0 | |
| 9. | Přiřaďte herce a herečky k jej... | 1B 2C 3D 4A | 1 | |
| 10. | Čím je inspirován česko-americ... | D | 1 |